000 00390nam a22001577a 4500
999 _c257068
_d257067
003 OSt
005 20180731121212.0
008 180731b xxu||||| |||| 00| 0 eng d
020 _a978-0-205-56828-4
040 _cn/a
100 _aBrigitte L. Nacos
245 _aTerrorism And Counterterrorism
250 _a2nd edition
260 _aNew York
_bPearson Longman
_c2007
942 _2lcc
_cBK